| 000 | 00391nam a2200157Ia 4500 | ||
|---|---|---|---|
| 005 | 20250624034100.0 | ||
| 008 | 240331s9999 xx 000 0 und d | ||
| 020 | _a9559513622 | ||
| 082 |
_bDEC _a340 |
||
| 100 | _aDe Costa,J | ||
| 245 | 0 | _aSri Lankawe vishesha neethi | |
| 260 |
_aColombo _bK.D. Premathilaka _c1992 |
||
| 300 | _a50 p ., | ||
| 500 | _aSpecial Laws of Sri Lanka | ||
| 942 | _cL | ||
| 999 |
_c5107 _d5107 |
||